Lidová nauka o harmonii na podkladě rytmickém a melodickém, se zvláštním zřetelem pro samouky /

Hlavní autor: Vačkář, Václav, 1881-1954
Jazyk: Čeština
Vydáno: Praha : Odborové sdružení hudebníků v Protektorátě Čechy a Morava, 1942
Témata:
Fyzický popis: 294, [X] s. ; 4°
Knihy
Uloženo v:
LEADER 00846aam a22002172a 4500
001 000750653
003 CZ BrMZK
005 20041119101225.0
007 ta
008 041119s1942 xr er|||||||||||cze d
015 |a cnb000810221 
035 |a (OCoLC)53211594 
040 |a ABA001  |b cze  |c OSA001  |d ABA001  |d BOA001 
100 1 |a Vačkář, Václav,  |d 1881-1954  |7 jk01141075  |4 aut 
245 1 0 |a Lidová nauka o harmonii na podkladě rytmickém a melodickém, se zvláštním zřetelem pro samouky /  |c Václav Vačkář 
260 |a Praha :  |b Odborové sdružení hudebníků v Protektorátě Čechy a Morava,  |c 1942  |e (v Pardubicích :  |f B. Brix) 
300 |a 294, [X] s. ;  |c 4° 
910 |a BOA001  |b PK-N-0017.113 
964 |a Harmonie - úvody 
990 |a BK 
996 7 |b 3119646725  |c PK-N-0017.113  |l MZK  |r Sklad / do 1 hodiny  |n 5  |w 000750653  |u 000010  |a 1  |e BOA001  |j MZK50  |s A